Statistiken für Länder, die in der Weltkarte geladen werden

Klicken Sie hier um das Quiz zu spielen!

Allgemein

  • Dieses Quiz wurde 5.933 mal gespielt
  • Das Durchschnittsergebnis liegt bei 33 aus 40

Antworten auf der Karte

Die Antworten werden auf der Karte rot bzw. grün angezeigt, abhängig davon wie oft sie richtig erraten wurden.
 

Antwortstatistiken

Land% Korrekt
Russland
96%
Iran
91%
Japan
91%
Kasachstan
91%
Madagaskar
91%
Irak
89%
Mongolei
89%
China
88%
Somalia
88%
Türkei
88%
Afghanistan
87%
Äthiopien
87%
Australien
87%
Georgien
87%
Sudan
87%
Usbekistan
87%
Armenien
86%
Aserbaidschan
86%
Jemen
86%
Südsudan
86%
Turkmenistan
86%
Saudi-Arabien
84%
Eritrea
83%
Kenia
83%
Tadschikistan
83%
Demokratische
Republik Kongo
82%
Kirgisistan
81%
Dschibuti
78%
Uganda
78%
Tschad
77%
Zentralafrikanische
Republik
76%
Mauritius
75%
Föderierte Staaten
von Mikronesien
73%
Marshallinseln
69%
Tansania
69%
Kiribati
68%
Nauru
64%
Ruanda
64%
Vanuatu
64%
Syrien
60%

Verteilung der Resultate

Perzentil nach korrekt beantworteten Fragen

Anzahl Personen mit jedem Resultat

Ihre Resultats-Entwicklung

Sie haben dieses Quiz noch nicht gespielt